书目信息 |
| 题名: |
音乐基础知识与技能训练
|
|
| 作者: | 韩琨 , 田卉 , 程德祥 主编 | |
| 分册: | ||
| 出版信息: | 济南 山东人民出版社 2020.10 |
|
| 页数: | 284页 | |
| 开本: | 26cm | |
| 丛书名: | ||
| 单 册: | ||
| 中图分类: | G623.712 | |
| 科图分类: | ||
| 主题词: | 音乐课--教学法--小学 | |
| 电子资源: | ||
| ISBN: | 978-7-209-13160-5 | |
| 000 | 00912nam0 2200253 45 | |
| 001 | 012001001108 | |
| 005 | 20140820143341.0 | |
| 010 | @a978-7-209-13160-5@dCNY45.00 | |
| 100 | @a20201126d2020 em y0chiy0110 ea | |
| 101 | 0 | @achi |
| 102 | @aCN@b370000 | |
| 105 | @aag z 000yy | |
| 106 | @ar | |
| 200 | 1 | @a音乐基础知识与技能训练@Ayin yue ji chu zhi shi yu ji neng xun lian@f韩琨, 田卉, 程德祥主编 |
| 210 | @a济南@c山东人民出版社@d2020.10 | |
| 215 | @a284页@c图@d26cm | |
| 330 | @a本书分为上篇“音乐理论与声乐”和下篇“音乐教学与实践”,共六章:第一章音高,第二章音值,第三章调式与音程,第四章为“合唱指挥”,第五章为“唱游”,第六章为“小学音乐教学法”。 | |
| 606 | 0 | @a音乐课@x教学法@x小学 |
| 690 | @aG623.712@v5 | |
| 701 | 0 | @a韩琨@Ahan kun@4主编 |
| 701 | 0 | @a田卉@Atian hui@4主编 |
| 701 | 0 | @a程德祥@Acheng de xiang@4主编 |
| 801 | @aCN@bAHXH@c20210922 | |
| 905 | @b1247748-52@dG623.712@e1372@f5 | |
| 音乐基础知识与技能训练/韩琨, 田卉, 程德祥主编.-济南:山东人民出版社,2020.10 |
| 284页:图;26cm |
| ISBN 978-7-209-13160-5:CNY45.00 |
| 本书分为上篇“音乐理论与声乐”和下篇“音乐教学与实践”,共六章:第一章音高,第二章音值,第三章调式与音程,第四章为“合唱指挥”,第五章为“唱游”,第六章为“小学音乐教学法”。 |
| ● |
| 相关链接 |
|
|
|
|
正题名:音乐基础知识与技能训练
索取号:G623.712/1372
 
预约/预借
| 序号 | 登录号 | 条形码 | 馆藏地/架位号 | 状态 | 备注 |
| 1 | 1247748 | 212477489 | 第一样本阅览室/ [索取号:G623.712/1372] | 在馆 | |
| 2 | 1247749 | 212477498 | 教育系资料室/ [索取号:G623.712/1372] | 在馆 | |
| 3 | 1247750 | 212477504 | 教育系资料室/ [索取号:G623.712/1372] | 在馆 | |
| 4 | 1247751 | 212477513 | 第四借阅区/ [索取号:G623.712/1372] | 在馆 | |
| 5 | 1247752 | 212477522 | 第四借阅区/ [索取号:G623.712/1372] | 在馆 |